| 000 | 00558nam a2200169 4500 | ||
|---|---|---|---|
| 001 | 113533 | ||
| 003 | ES-MaACL | ||
| 005 | 20230906185929.0 | ||
| 007 | t| | ||
| 008 | 061121s1966 sp r ||||1| spa d | ||
| 100 | 1 |
_aPalanca Pons, Abelardo. _988460 |
|
| 245 | 1 | 0 |
_aHistoria del Insigne, Noble e Ilustre Colegio Notarial de Valencia / _cpor Abelardo Palanca Pons. |
| 260 |
_aValencia : _bIlustre Colegio Notarial, _c1966. |
||
| 300 |
_a232 p., XII lám. ; _c22 cm. |
||
| 710 | 2 |
_aColegio Notarial de Valencia. _92945 |
|
| 852 |
_aES-MaACL _jC-30278 _bR.60824 |
||
| 999 |
_c113533 _d113533 |
||